| 000 | 00392nam a2200109Ia 4500 | ||
|---|---|---|---|
| 008 | 160909s9999 xx 000 0 und d | ||
| 100 | _aShih, Yao-Chi | ||
| 245 | _aLiving alone and subsequent living arrangement transitions among older Americans | ||
| 260 |
_bUniversity of Massachusetts Boston. _c2016 |
||
| 650 | _aNursing | ||
| 856 | _uhttp://pqdtopen.proquest.com/doc/1804048288.html?FMT=ABS | ||
| 999 |
_c303926 _d303926 |
||